000
00306nam a22001337a 4500
020
_a
0-19-565853-1
082
_a
510
_b
ROY/M
100
_a
A.K.ROY
245
_a
M,ATHEMATICS CBSE
_b
CLASS IX
260
_a
CHENNAI
_b
OXFORD UNIVERSITY PRESS
300
_a
367
650
_a
MATHS FOR CLASS IX
_z
INDIA
942
_c
BK
999
_c
881
_d
881